Malý slovník trhovej ekonomiky

Salvato in:
Dettagli Bibliografici
Autore principale: Šíbl, Drahoš, 1934- (Autore)
Natura: Libro
Lingua:slovacco
Pubblicazione: Bratislava Elita 1991
Edizione:1. vyd.
Accesso online:Visualizza in OPAC
Tags: Aggiungi Tag
Nessun Tag, puoi essere il primo ad aggiungerne!!

MARC

LEADER 00000cam a2200000 a 4500
005 20260127134105.0
008 171129s1991 xo d 00000 slo
015 |a SNBA1991/12 
020 |a 8085323028  |q (brož.) 
035 |a vtls001066399 
035 |a SNK000009229 
039 9 |a 201711291358  |b VLOAD  |c 201505221119  |d msnk116  |c 201505150918  |d VLOAD  |c 201306051600  |d VLOAD  |y 200412240156  |z VLOAD 
040 |a SNK  |b slo  |c SNK  |d STUSCHK1  |d SNK  |e AACR2 
041 0 |a slo 
044 |a xo  |c SK 
080 |a 339.13(038)  |2 1981 
245 0 0 |a Malý slovník trhovej ekonomiky  |c Drahoš Šíbl 
250 |a 1. vyd. 
260 |a Bratislava  |b Elita  |c 1991  |e Bratislava  |f Novart 
300 |a 237 s.  |c 21 cm 
500 |a Zozn. hesiel. 
700 1 |a Šíbl, Drahoš,  |d 1934-  |4 aut  |9 843 
919 |a 80-85323-02-8 
954 |a hospodárstvo trhové  |a slovníky výkladové 
958 |a SK 
958 |a TL 
999 |c 3829  |d 3829